000 004720000a22001690004500
090 _aAR
_b01555
245 1 0 _aStructure of tropical bat faunas
650 1 4 _aEcología de poblaciones
_93557
650 1 4 _aEstructura de la comunidad
_97632
650 1 4 _aHábitos alimentarios
_93824
650 1 4 _aTalla
_994912
650 1 4 _aMurciélagos
_92659
041 0 _aInglés
100 1 _aMcnab, Brian K.
_994913
942 _cARTICULO
773 1 _tEcology
_357
_h2
_q352-358
_d1971
_g52
999 _c10636
_d10636